01299cam a22002891 4500001001300000003000400013005001700017008004100034010001700075035001900092040003200111050002600143082002500169110003900194245017300233260007100406300004400477490003500521490004100556500009700597504004200694650004700736710004000783740004400823810006800867810007400935e 42000222 DLC20260227111231.0770526s1941 aluf b s000 0 eng  ae 42000222  a(OCoLC)2995543 aDLCcABAUdABAUdOCoLCdDLC00aL116b.B2 1941, no. 5 a372.9761a375.0097611 aAlabama.bDepartment of Education.10aCourse of study and teacher's guide for the elementary schools, grades one to six.bAlabama curriculum development program.cAuthorized by the State board of education. a[Wetumpka,bWetumpka printing co., printers and publishers,c1941] a1 p. l., v-xii, 484 p.bplates.c23 cm.1 aIts Curriculum bulletinvno. 81 aIts Department bulletin 1941,vno. 5 aAt head of title: State of Alabama. Dept. of education. Division of instruction, Montgomery. a"Selective bibliography": p. 478-484. 0aEducation, ElementaryxCurriculazAlabama.1 aAlabama.bState Board of Education.0 aAlabama curriculum development program.1 aAlabama.bDepartment of Education.tCurriculum bulletinvno. 8.1 aAlabama.bDepartment of Education.tDepartment bulletin 1941,vno. 5.